00434 a2200133 4500010001400000020001000014035001300024037001500037082001100052100003900063245011100102260005800213300002900271 aENG-86829 c70.00 aEN-70362 bDBAD / PUB14a230.351 aRaghavendran, Tamraparni Subbachar1 aExcelent Etiraj of Erode Sri Sri 1008 Sri Sudhindhi Tirtha Maharaj /cby Tamraparni Subbachar Raghavendran aTiruchanurbSri Madhva Siddhanta Onnahini Sabhac2006 axxiv, 168 pc22 cm (Pbk)